Study on corn production of farmer in saang district , kandal province, ការសិក្សាផលិតកម្មដំណាំពោតរបស់កសិករនៅស្រុកស្អាង ខេត្តកណ្ដាល (Record no. 7490)
[ view plain ]
| 000 -LEADER | |
|---|---|
| fixed length control field | 00627nam a22001577a 4500 |
| 003 - CONTROL NUMBER IDENTIFIER | |
| control field | OSt |
| 005 - DATE AND TIME OF LATEST TRANSACTION | |
| control field | 20160310111302.0 |
| 008 - FIXED-LENGTH DATA ELEMENTS--GENERAL INFORMATION | |
| fixed length control field | 160310b xxu||||| |||| 00| 0 eng d |
| 040 ## - CATALOGING SOURCE | |
| Transcribing agency | RUA |
| 082 ## - DEWEY DECIMAL CLASSIFICATION NUMBER | |
| Classification number | AGR SO 20143 B458 Or.1 |
| 100 ## - MAIN ENTRY--PERSONAL NAME | |
| 9 (RLIN) | 7896 |
| Personal name | SO SOBEN ; សូសុបិន |
| 245 ## - TITLE STATEMENT | |
| Title | Study on corn production of farmer in saang district , kandal province, ការសិក្សាផលិតកម្មដំណាំពោតរបស់កសិករនៅស្រុកស្អាង ខេត្តកណ្ដាល |
| 260 ## - PUBLICATION, DISTRIBUTION, ETC. (IMPRINT) | |
| Place of publication, distribution, etc. | Phnom Penh |
| Name of publisher, distributor, etc. | RUA |
| Date of publication, distribution, etc. | 2013 |
| 300 ## - PHYSICAL DESCRIPTION | |
| Extent | xi ;47p. |
| Other physical details | ill. |
| Dimensions | 29cm. |
| 942 ## - ADDED ENTRY ELEMENTS (KOHA) | |
| Source of classification or shelving scheme | |
| Koha item type | AGR |
| Price effective from | Date last seen | Permanent Location | Not for loan | Date acquired | Source of classification or shelving scheme | Koha item type | Lost status | Withdrawn status | Date last checked out | Total Checkouts | Shelving location | Damaged status | Barcode | Current Location | Checked out | Full call number |
|---|---|---|---|---|---|---|---|---|---|---|---|---|---|---|---|---|
| 2016-03-10 | 2016-03-10 | Library Block B | 2016-03-10 | AGR | B458 | RUA056014 | Library Block B | AGR SO 2013 B458 Or.1 | ||||||||
| 2016-03-10 | 2016-03-10 | Library Block B | 2016-03-10 | AGR | B458 | RUA056734 | Library Block B | AGR SO 2013 B458 Or.3 | ||||||||
| 2016-03-10 | 2016-03-10 | Library Block B | 2016-03-10 | AGR | B458 | RUA055942 | Library Block B | AGR SO 2013 B458 Or.4 | ||||||||
| 2016-03-10 | 2016-03-10 | Library Block B | 2016-03-10 | AGR | B458 | RUA056973 | Library Block B | AGR SO 2013 B458 Or.5 | ||||||||
| 2016-03-10 | 2019-10-07 | Library Block B | 2016-03-10 | AGR | 2019-10-04 | 2 | B458 | RUA056018 | Library Block B | AGR SO 2013 B458 Or.6 | ||||||
| 2016-03-10 | 2016-03-10 | Library Block B | 2016-03-10 | AGR | B458 | RUA055867 | Library Block B | AGR SO 2013 B458 Or.7 | ||||||||
| 2016-03-10 | 2018-11-28 | Library Block B | 2016-03-10 | AGR | 2018-11-27 | 1 | B458 | RUA055958 | Library Block B | AGR SO 2013 B458 Or.8 | ||||||
| 2021-12-15 | 2021-12-15 | Library Block B | 2021-12-15 | AGR | B642 | a066256 | Library Block B | AGR SO 20143 B642 Or.1 | ||||||||
| 2021-12-15 | 2021-12-15 | Library Block B | 2021-12-15 | AGR | B642 | a066115 | Library Block B | AGR SO 20143 B642 Or.1 | ||||||||
| 2016-03-10 | 2025-01-16 | Library Block B | 2016-03-10 | AGR | 2025-01-16 | 3 | B458 | RUA055862 | Library Block D | 2025-02-20 | AGR SO 2013 B458 Or.2 |